LEADER 01829nam 2200409 n 450 001 996390749703316 005 20200824120433.0 035 $a(CKB)4940000000100901 035 $a(EEBO)2248540577 035 $a(UnM)99835924e 035 $a(UnM)99835924 035 $a(EXLCZ)994940000000100901 100 $a19900816d1615 uy | 101 0 $aeng 135 $aurbn||||a|bb| 200 04$aThe mystery of selfe-deceiuing. Or A discourse and discouery of the deceitfulnesse of mans heart. Written by the late faithfull minister of Gods word Daniell Dyke, Bachelour in Diuinity. Published since his death, by his brother I.D. minister of Gods word$b[electronic resource] 210 $aLondon $cPrinted by Edvvard Griffin for Ralph Mab, and are to be sold at the signe of the Grey-hound in Pauls Church-yard$d1615 215 $a[16], 106, 105-126, 117-116 [i.e. 216], 227-234, 225-426, [2] p 300 $aI.D. = Jeremiah Dyke. 300 $aP. 216 misnumbered 116. 300 $aText continuous despite pagination. 300 $aThe last leaf is blank. 300 $aRunning title reads: The deceitfulnesse of mans heart. 300 $aReproduction of the original in the British Library. 330 $aeebo-0018 606 $aSin$vEarly works to 1800 615 0$aSin 700 $aDyke$b Daniel$fd. 1614.$01004969 701 $aDyke$b Jeremiah$f1584-1639.$01001094 801 0$bCu-RivES 801 1$bCu-RivES 801 2$bCStRLIN 801 2$bWaOLN 906 $aBOOK 912 $a996390749703316 996 $aThe mystery of selfe-deceiuing. Or A discourse and discouery of the deceitfulnesse of mans heart. Written by the late faithfull minister of Gods Word Daniell Dyke, Bachelour in Diuinity. Published since his death, by his brother I.D. minister of Gods Word$92323138 997 $aUNISA LEADER 01507nam 2200409 450 001 9910703729403321 005 20160804151721.0 035 $a(CKB)5470000002434429 035 $a(OCoLC)954778673 035 $a(EXLCZ)995470000002434429 100 $a20160804d2014 ua 0 101 0 $aeng 135 $aurbn||||||||| 181 $ctxt$2rdacontent 182 $cc$2rdamedia 183 $acr$2rdacarrier 200 10$aBaccalaurate and beyond $ea first look at the employment experiences and lives of college graduates, 4 years on (B&B:08/12) /$fEmily Forrest Cataldi [and four others] 210 1$a[Washington, D.C.] . :$cU.S. Department of Education, National Center for Education Statistics, Institute of Education Sciences,$d[2014] 215 $a1 online resource (viii, 18, 4, 27 pages) 225 1 $aFirst look 300 $aTitle from title screen (viewed on August 4, 2016). 300 $a"July 2014." 300 $a"NCES 2014-141." 320 $aIncludes bibliographical references (page 17). 517 $aBaccalaurate and beyond 606 $aCollege graduates$xEmployment$zUnited States 606 $aCollege graduates$zUnited States 615 0$aCollege graduates$xEmployment 615 0$aCollege graduates 700 $aCataldi$b Emily Forrest$01381298 712 02$aNational Center for Education Statistics, 801 0$bGPO 801 1$bGPO 906 $aBOOK 912 $a9910703729403321 996 $aBaccalaurate and beyond$93461952 997 $aUNINA